Daňové informácie v štátoch Európskej únie

Medzinárodná výmena daňových informácií. Výmena informácií na požiadanie. Spontánna a pravidelná výmena informácií. Súhrnný výkaz a výmena informácií v oblasti štatistiky zahraničného obchodu. Systém hlásenia INTRASTAT.

Salvato in:
Dettagli Bibliografici
Autore principale: Schultzová, Anna
Natura: Capitolo di libro
Lingua:slovacco
Soggetti:
Tags: Aggiungi Tag
Nessun Tag, puoi essere il primo ad aggiungerne!!

MARC

LEADER 00000naa$a2200000$$$4500
001 0031167
005 20240502071436.5
041 0 |a slo 
044 |a SK 
245 1 0 |a Daňové informácie v štátoch Európskej únie  |c Anna Schultzová 
520 |a Medzinárodná výmena daňových informácií. Výmena informácií na požiadanie. Spontánna a pravidelná výmena informácií. Súhrnný výkaz a výmena informácií v oblasti štatistiky zahraničného obchodu. Systém hlásenia INTRASTAT. 
610 2 0 |a informácie 
610 2 0 |a dane 
610 2 0 |a výmena informácií 
610 2 0 |a prostredie ekonomické 
610 2 0 |a Európska únia 
610 2 0 |a zdaňovanie 
610 2 0 |a štatistika 
610 2 0 |a obchod zahraničný 
100 1 |a Schultzová, Anna